000 00354nam a2200145Ia 4500
008 230917s9999||||xx |||||||||||||| ||und||
040 _e138459
_aMAIN
041 _aEnglish
082 _a333.33 F816S
100 _aFoster, Ray
245 0 _aSensible real estate selling skills
260 _aAmarica
_bReston
_c1981
300 _a128p. p.
942 _cBK
999 _c219435
_d219435